Persoalan masa kini, perusahaan-perusahaan multinasional
Salvato in:
| Autore principale: | |
|---|---|
| Natura: | Libro |
| Lingua: | Undetermined |
| Pubblicazione: |
Jakarta
Jajasan Proklamasi, Centre for Strategic and International Studies
1974
|
| Soggetti: | |
| Tags: |
Aggiungi Tag
Nessun Tag, puoi essere il primo ad aggiungerne! !
|
| Thư viện lưu trữ: | Trung tâm Học liệu Trường Đại học Cần Thơ |
|---|
| LEADER | 00564nam a2200181Ia 4500 | ||
|---|---|---|---|
| 001 | CTU_82112 | ||
| 008 | 210402s9999 xx 000 0 und d | ||
| 082 | |a 338.74 | ||
| 082 | |b P191 | ||
| 100 | |a Panglaykim, Yusuf | ||
| 245 | 0 | |a Persoalan masa kini, perusahaan-perusahaan multinasional | |
| 245 | 0 | |c Yusuf Panglaykim | |
| 260 | |a Jakarta | ||
| 260 | |b Jajasan Proklamasi, Centre for Strategic and International Studies | ||
| 260 | |c 1974 | ||
| 650 | |a Corporations, foreign | ||
| 904 | |i Trọng Hải | ||
| 980 | |a Trung tâm Học liệu Trường Đại học Cần Thơ | ||